Top 10 meilleurs scoreurs par franchise NBA - Statistiques

Statistiques générales
  • Ce quiz a été pris 2 594 fois
    1 908 depuis la dernière actualisation
  • Le résultat moyen est 106 sur 300
Statistiques - réponses
Hint Réponse % Correct
29277 Michael Jordan
96%
7078 DeAndre Jordan
95%
7919 | 23119 LeBron James
95%
21712 Stephen Curry
95%
9839 Dell Curry
94%
17566 Kevin Durant
89%
18365 James Harden
87%
8690 David West
86%
6216 Doug West
86%
25192 Jerry West
86%
15123 Scottie Pippen
86%
14156 Klay Thompson
85%
13895 Shaquille O'Neal
85%
8019 Shaquille O'neal
85%
33643 Kobe Bryant
84%
12054 Nikola Jokic
84%
11992 David Thompson
83%
21791 Larry Bird
83%
9215 Mychal Thompson
83%
18943 Tony Parker
83%
8990 Trae Young
83%
17783 Wilt Chamberlain
83%
9580 Jermaine O'Neal
82%
9100 Luka Doncic
82%
18859 Russell Westbrook
82%
26496 Tim Duncan
82%
31560 Dirk Nowitzki
81%
7674 | 7936 Chris Paul
80%
21556 Dwayne Wade
80%
14211 | 24176 Kareem Abdul-Jabbar
80%
8232 Kyrie Irving
78%
19376 Damian Lillard
76%
26511 Hakeem Olajuwon
76%
19201 Kevin Garnett
76%
36374 Karl Malone
75%
17707 Magic Johnson
75%
11059 Anthony Davis
74%
7623 Brad Davis
74%
11083 Jeff Malone
74%
11119 Moses Malone
74%
10186 | 13970 Carmelo Anthony
73%
15666 Walter Davis
73%
14522 Bill Russell
72%
13296 DeMar Derozan
72%
16280 Giannis Antetokounmpo
71%
10606 Joe Johnson
71%
7405 Larry Johnson
71%
10405 Clifford Robinson
70%
20790 David Robinson
70%
9027 | 9631 Eddie Johnson
70%
12010 Glen Robinson
70%
9781 Gus Johnson
70%
12747 Kevin Johnson
70%
10980 Marques Johnson
70%
10146 Vinnie Johnson
70%
14043 Manu Ginobili
69%
19931 Allen Iverson
68%
18822 Isiah Thomas
68%
11684 Marc Gasol
68%
8966 Pau Gasol
68%
6914 | 10275 Chris Bosh
66%
10879 John Wall
66%
24021 Paul Pierce
66%
10863 Blake Griffin
65%
7373 Jason Kidd
65%
23665 Patrick Ewing
65%
10718 Joel Embiid
64%
19711 John Stockton
64%
25279 Reggie Miller
64%
10712 Steve Nash
64%
8834 | 9420 Vince Carter
64%
12688 Devin Booker
63%
5982 Mike Miller
63%
12623 Bob Love
60%
5557 Ja Morant
60%
6989 | 7663 Kevin Love
60%
11435 Dwight Howard
58%
6614 Josh Howard
58%
23292 Dominique Wilkins
57%
8234 Donovan Mitchell
57%
15391 Bradley Beal
56%
7104 | 18364 Julius Erving
56%
10540 Kyle Lowry
56%
9799 Mike Mitchell
56%
7161 Sam Mitchell
56%
22009 Oscar Robertson
55%
10440 Buck Williams
54%
14184 Charles Barkley
54%
9676 Gus Williams
54%
8504 Hot Rod Williams
54%
7592 Rudy Gobert
54%
8298 Tracy McGrady
53%
11772 Karl-Anthony Towns
52%
12009 Kemba Walker
52%
10444 Brook Lopez
51%
9788 Chet Walker
51%
7018 Penny Hardaway
51%
6335 Tim Hardaway
51%
18040 Clyde Drexler
50%
6937 Jamal Murray
49%
8562 Zach Lavine
49%
16955 Bob Cousy
48%
18207 Gary Payton
48%
7437 Gerald Wallace
45%
26395 John Havlicek
44%
11733 Mike Conley
44%
4871 Anthony Edwards
43%
11468 Khris Middleton
41%
20880 Bob Pettit
40%
8010 Pascal Siakam
40%
9513 Bingo Smith
39%
10371 Josh Smith
39%
12735 Randy Smith
39%
9459 Alonzo Mourning
38%
9894 DeMarcus Cousins
38%
23149 Elgin Baylor
36%
14018 Fred Brown
36%
23602 George Gervin
36%
3231 P.J. Brown
36%
10058 Roger Brown
36%
10710 C.J. McCollum
35%
7202 John Williamson
35%
10148 Shawn Kemp
35%
17335 Kevin McHale
34%
9247 Yao Ming
34%
11035 Amar'e Stoudemire
33%
5285 Brandon Ingram
33%
16235 Chris Mullin
33%
11699 Red Kerr
33%
18245 Robert Parish
33%
9434 Bob McAdoo
32%
16401 Joe Dumars
32%
7321 Jrue Holiday
32%
9261 Zach Randolph
32%
21645 Alex English
31%
3390 Eric Gordon
31%
7325 | 12562 LaMarcus Aldridge
31%
10423 Nikola Vucevic
30%
16447 Rick Barry
30%
6194 Eddie Jones
29%
7049 Evan Fournier
29%
15411 Sam Jones
29%
10624 Wes Unseld
29%
12183 Willis Reed
29%
11762 | 15551 Elvin Hayes
28%
16320 James Worthy
28%
14617 Walt Frazier
28%
9422 Andre Iguodala
27%
8710 Andrew Wiggins
25%
13188 Jo Jo White
25%
9288 Artis Gilmore
24%
9393 Grant Hill
24%
12665 Bill Laimbeer
21%
6090 Fred VanVleet
21%
9953 Jason Terry
21%
8324 Pete Maravich
21%
8930 Gilbert Arenas
20%
13910 Alvan Adams
18%
9543 Mark Price
18%
12070 Mitch Richmond
18%
3135 | 9498 Peja Stojakovic
18%
11582 Richard Hamilton
18%
11330 Terry Porter
18%
12134 Shawn Marion
17%
6559 Udonis Haslem
17%
10616 Zydrunas Ilgauskas
17%
13635 Adrian Dantley
16%
13192 Dave Cowens
16%
13191 Nate Thurmond
16%
13626 Billy Cunningham
15%
8077 Gordon Hayward
15%
21586 Hal Greer
15%
11594 Sidney Moncrief
15%
5631 | 9248 Glen Rice
14%
5524 Jonas Valanciunas
14%
10650 Nick Anderson
14%
16226 Paul Arizin
14%
9679 Earl Monroe
13%
13044 Gail Goodrich
13%
11554 Michael Redd
13%
8507 Richard Jefferson
13%
3702 Ryan Anderson
13%
15488 Bob Lanier
12%
12597 Derek Harper
12%
13930 Mark Aguirre
12%
10894 Tiny Archibald
12%
9405 Dale Ellis
11%
10286 Luol Deng
11%
8562 Rudy Gay
11%
8411 Andrei Kirilenko
10%
10389 Brad Daugherty
10%
18438 Dolph Schayes
10%
9336 Elton Brand
10%
5531 Muggsy Bogues
10%
10006 Tayshaun Prince
10%
5278 Terry Rozier
10%
15235 Dave Bing
9%
7216 Hedo Turkoglu
9%
7257 | 8430 Larry Nance
9%
16643 Rolando Blackman
9%
12780 Byron Scott
8%
17949 Calvin Murphy
8%
9571 Danny Granger
8%
6603 Dennis Scott
8%
5002 Dillon Brooks
8%
8081 Fat Lever
8%
9257 Freddie Lewis
8%
6348 Goran Dragic
8%
9107 Jerry Lucas
8%
10429 Maurice Cheeks
8%
10251 Rashard Lewis
8%
12871 Rik Smits
8%
11165 Allan Houston
7%
16589 Dan Issel
7%
12389 Michael Finley
7%
6766 Sam Perkins
7%
9020 Walt Bellamy
7%
9217 Bill Bradley
6%
12034 Jack Sikma
6%
8184 Jameer Nelson
6%
10582 Kevin Willis
6%
16049 Lou Hudson
6%
6581 Andrea Bargnani
5%
10265 Austin Carr
5%
6930 Derrick Coleman
5%
10233 Jerry Sloan
5%
8177 Otis Thorpe
5%
9659 Sean Elliott
5%
11478 Bob Dandridge
4%
6762 Chris Morris
4%
13447 Cliff Hagan
4%
8835 Corey Maggette
4%
10601 Jamaal Wilkes
4%
9023 John Long
4%
7801 Shareef Abdul-Rahim
4%
2982 Tyreke Evans
4%
7120 Danny Manning
3%
9442 Dick Barnett
3%
9545 George McGinnis
3%
10003 Jim Paxson
3%
12621 John Drew
3%
5235 Jose Calderon
3%
8536 Kirk Hinrich
3%
7029 Mahmoud Abdul-Rauf
3%
9314 Mel Daniels
3%
9564 Paul Westphal
3%
8279 Reggie Theus
3%
10392 Richie Guerin
3%
13383 Rudy Tomjanovich
3%
6777 Wally Szczerbiak
3%
10780 Billy Knight
2%
4759 Christian Laettner
2%
12391 Darrell Griffith
2%
5241 David Wesley
2%
12060 Dick Van Arsdale
2%
4701 Gerald Henderson Jr
2%
15840 Jack Twyman
2%
10290 James Silas
2%
12547 Jeff Mullins
2%
10067 Jerome Kersey
2%
7096 Kerry Kittles
2%
6498 Morris Peterson
2%
10023 Neil Johnston
2%
11894 Purvis Short
2%
5311 Raymond Felton
2%
6742 Rony Seikaly
2%
8438 Xavier McDaniel
2%
9743 Brian Winters
1%
4945 Bryant Reeves
1%
8603 Byron Beck
1%
10449 Carl Braun
1%
9732 Geoff Petrie
1%
9892 Junior Bridgeman
1%
6432 Ken Norman
1%
6614 Loy Vaught
1%
9778 Phil Chenier
1%
10130 Ralph Simpson
1%
8823 Robert Reid
1%
9895 Sam Lacey
1%
9897 Thurl Bailey
1%
4888 Tony Campbell
1%
9535 Vern Fleming
1%
9833 Kevin Loughery
0%
8248 Larry Kenon
0%
8480 Mike Newlin
0%
9002 Scott Wedman
0%
Aucun quiz correspondant
Distribution des résultats
% des personnes avec chaque résultat
Percentile par nombre de réponses
Votre historique - résultats
Vous n’avez pas pris ce quiz depuis la dernière actualisation